[Event "American op 51st"]
[Site "Orange"]
[Date "2015.11.28"]
[Round "6"]
[White "Heredia, Carla"]
[Black "Yang, Kevin S"]
[Result "1-0"]
[WhiteElo "1960"]
[BlackElo "1904"]
[PlyCount "103"]
[EventDate "2015.11.26"]
[EventType "swiss"]
[EventRounds "8"]
[EventCountry "USA"]
[SourceTitle "EXT 2017"]
[Source "ChessBase"]
[SourceDate "2016.10.25"]
[SourceVersion "1"]
[SourceVersionDate "2016.10.25"]
[SourceQuality "1"]

1. e4 c5 2. Nf3 g6 3. d4 cxd4 4. Qxd4 Nf6 5. e5 Nc6 6. Qa4 Nd5 7. Qe4 Nb6 8. Bb5 a6 9. Bxc6 dxc6 10. Nc3 Bf5 11. Qe2 Bg7 12. 0-0 0-0 13. Bf4 c5 14. Rad1 Qc7 15. a4 Be6 16. b3 Rfd8 17. Ng5 Qc6 18. Nxe6 Qxe6 19. Qe4 Qc6 20. Bg5 f6 21. Be3 fxe5 22. Qxc6 bxc6 23. Bxc5 Nd5 24. Ne4 Bf6 25. g3 Kf7 26. c4 Nc7 27. Rxd8 Rxd8 28. Bb6 Rc8 29. Nc5 Ne6 30. Nxa6 c5 31. a5 e4 32. Re1 Nd4 33. Nxc5 Nf3+ 34. Kf1 Nxe1 35. Kxe1 Bc3+ 36. Ke2 Bxa5 37. Bxa5 Rxc5 38. Bc3 Rc6 39. Ke3 Rb6 40. b4 Re6 41. c5 Ke8 42. b5 Kd7 43. Bg7 g5 44. g4 Rg6 45. Be5 Rg8 46. Kxe4 Rc8 47. c6+ Ke6 48. b6 Rxc6 49. b7 Rc4+ 50. Kd3 Rb4 51. b8Q Rxb8 52. Bxb8 1-0